000 00677nam a2200157 a 4500
001 000024126
005 20200930022735.0
008 110119s2000 dr 000 0 spa d
040 _aDO-SdBNP
_bspa
_cBNPHU
110 2 _aRepública Dominicana
_bPresidencia de la República Dominicana
_bConsejo Nacional de Asuntos Urbanos
_943929
245 1 0 _aLineamientos de políticas de desarrollo urbano para la ciudad de La Romana /
_cJulio Corral [et.. al ].
260 _aSantiago de los Caballeros, República Dominicana :
_bPontificia Universidad Catolíca Madre y Maestra,
_c2000.
300 _a208 p. :
_bil.,map., retrs., ;
_c28 cm.
700 1 _aCorrel, Julio
_949546
049 _aBNPD
999 _c23620
_d23620